| 000 | 01240njm a22002897a 4500 | ||
|---|---|---|---|
| 005 | 20100913144341.0 | ||
| 006 | a|||||r|||||00| 0 | ||
| 007 | sd ammalaaahaa | ||
| 008 | 100907t xxu||||| |||| 00| 0 hin d | ||
| 028 |
_a3AEX 5316 _bOdeon |
||
| 035 | _aGR-02156 | ||
| 040 |
_aSED _cSED |
||
| 100 |
_aDey, Manna _918699 |
||
| 245 |
_aQuwwalis / _cby Manna Dey [et...al] ; lyrics by Sahir ; music by Roshan _h[Sound Recording] |
||
| 246 | _aकुव्वालिस / मन्ना डे | ||
| 260 |
_aDum Dum, India _bAngel Records _c1964 |
||
| 300 |
_a1 sound disc [Gramophone Record] : _banalog, 33.1/3 rpm _c12 in. (LP) _fGramophone Records |
||
| 500 | _aBrief record | ||
| 500 | _aRecords Labels : Odeon, Black | ||
| 505 | _aSide-1 न तो कारवां की तलाश है (Na to karvan ki talash hai) (Manna Dey) -- Side-2 निगाहें मिलाने को जी चाहता है (Nigahen milane ko jee chahta hai) (Manna Dey) | ||
| 600 |
_aManna, Dey _919742 |
||
| 650 |
_aQuwwali _xExcerpts _zIndia _918876 |
||
| 700 |
_aSahir _918877 |
||
| 700 |
_aRoshan _919760 |
||
| 942 |
_2ddc _cGR |
||
| 999 |
_c45453 _d45453 |
||